000
00284nam a2200109Ia 4500
008
200302s9999 xx 000 0 und d
100
_a
Amerigo Marras
245
_a
Eco-Tec Architecture of the In-Between
260
_b
Princeton Architectural Press
260
_c
1999
300
_a
137 P.,
999
_c
4172
_d
4172